| 000 | 00659nam a22002057a 4500 | ||
|---|---|---|---|
| 999 |
_c3698 _d3698 |
||
| 003 | OSt | ||
| 005 | 20240910094105.0 | ||
| 008 | 240910b ||||| |||| 00| 0 eng d | ||
| 020 | _a9780008202781 | ||
| 040 | _cKH8 | ||
| 082 | _a499.288 CAM | ||
| 100 |
_aNor Najwa Azmee, _eauthor. |
||
| 245 |
_aCambridge IGCSE Malay as a Foreign Language : _bWorkbook / _cNor Najwa Azmee & Halimahtun Kamariah Hamzah. |
||
| 260 |
_aLondon; _bHarper Collins Publishers, _c2017. |
||
| 300 |
_a104 pages: _billustrations; _c19 cm. |
||
| 650 |
_aMalay language _vForeign language |
||
| 650 |
_aMalay language _vWorkbook |
||
| 700 | _aHalimahtun Kamariah Hamzah | ||
| 942 |
_2ddc _cTR |
||